| 000 | 00923cam a22003133a 4500 | ||
|---|---|---|---|
| 001 | 32978 | ||
| 003 | PGUSA | ||
| 005 | 20140828083720.0 | ||
| 008 | 100626s2010||||xxu|||||s|||||000 1 eng d | ||
| 040 |
_aPGUSA _beng |
||
| 042 | _adc | ||
| 050 | 4 | _aPR | |
| 100 | 1 |
_aLowndes, Marie Belloc, _d1868-1947 |
|
| 245 | 1 | 0 |
_a下宿人 _h[electronic resource] / _cMarie Belloc Lowndes |
| 260 |
_bProject Gutenberg, _c2010 |
||
| 500 | _aTranslation of: The Lodger | ||
| 506 | _aPublic domain in the USA. | ||
| 516 | _aElectronic text | ||
| 653 | _aDetective and mystery stories | ||
| 653 | _aWhitechapel (London, England) -- Fiction | ||
| 653 | _aSerial murders -- Fiction | ||
| 653 | _aJack, the Ripper -- Fiction | ||
| 700 | 1 | _aHayashi, Kiyotoshi | |
| 740 | 0 | _aThe Lodger. Japanese | |
| 740 | 0 | _aGeshukunin | |
| 830 | 0 |
_aProject Gutenberg _v32978 |
|
| 856 | 4 | 0 | _uhttp://www.gutenberg.org/ebooks/32978 |
| 942 | _cEB | ||
| 999 |
_c262233 _d262233 |
||